000 00571nam a22001937a 4500
005 20251108170958.0
008 250721s1981 xx 000 0 ara d
082 1 4 _aط/591.994/بمب
100 1 _aبمبرتون، جون لي
245 1 0 _aاللبونات الأسترالية /
264 1 _aبيروت :
_bمكتبة لبنان،
_c1981.
300 _a50ص : مص
490 0 _aلبونات العالم
650 1 7 _aالحيوانات
650 1 7 _aأستراليا
700 1 _aالخطيب، أحمد
_eترجمة
942 _2ddc
_cBK
999 _c53529
_d53529